Top 15 best Detroit Pistons players of all-time - Statistics

General Stats
  • This quiz has been taken 34 times
  • The average score is 9 of 15
Answer Stats
Pos/Placement Answer % Correct
PG #1 Isiah Thomas
100%
C #4 Ben Wallace
86%
C #8 Bill Laimbeer
86%
PF #15 Rasheed Wallace
86%
C #10 Dennis Rodman
82%
SG #2 Joe Dumars
82%
PG #3 Chauncey Billups
79%
C #5 Bob Lanier
57%
SG #11 Richard Hamilton
54%
C #13 Andre Drummond
46%
SF #7 Grant Hill
46%
PG #6 Dave Bing
43%
SF #14 Mark Aguirre
25%
SF #9 George Yardley
14%
SF #12 Dave Debusschere
4%
No matching quizzes found
Score Distribution
Percent of People with Each Score
Percentile by Number Answered
Your Score History
You have not taken this quiz